Prácticas desleales de comercio internacional

Enregistré dans:
Détails bibliographiques
Collectivité auteur: Costa Rica. Ministerio de Economía, Industria y Comercio. Oficina de Prácticas de Comercio Desleal y Medidas de Salvaguardia
Format: Texte
Publié: San José: MEIC
Sujets:
Tags: Ajouter un tag
Pas de tags, Soyez le premier à ajouter un tag!

MARC

LEADER 00000 a a2200000 04500
001 26728
003
040
090 |a 149601  
110 |a Costa Rica. Ministerio de Economía, Industria y Comercio. Oficina de Prácticas de Comercio Desleal y Medidas de Salvaguardia  
245 |a Prácticas desleales de comercio internacional  
260 |a San José:   |b MEIC  
300 |a 11 p.  
650 |a COMERCIO INTERNACIONAL  
650 |a COMPETENCIA  
650 |a DERECHOS COMPENSATORIOS  
999 |c 1596  |d 1596